| 000 | 00456nam a22001695i 4500 | ||
|---|---|---|---|
| 001 | 168709 | ||
| 003 | ES-MaACL | ||
| 005 | 20230906213850.0 | ||
| 008 | 080520s2007 sp |||| | spa d | ||
| 020 | _a978-84-204-7264-5 | ||
| 080 | _a821.134.2-92"19" | ||
| 100 | 1 |
_aVicent, Manuel. _9114323 |
|
| 245 | 1 | 3 |
_aEl cuerpo y las olas / _cManuel Vicent. |
| 260 |
_aMadrid : _bAlfaguara, _c2007. |
||
| 300 |
_a280 p. ; _c24 cm. |
||
| 852 | 4 |
_aES-MaACL _jL-29494 |
|
| 999 |
_c168709 _d168709 |
||